| 000 | 00669cam a2200205 4500 | ||
|---|---|---|---|
| 008 | 090401t1984 xxu||||| |||| 00| 0 eng d | ||
| 020 | _a0617003971 | ||
| 035 | _a(Sirsi) u66597 | ||
| 041 | _aeng | ||
| 050 | _a692.8 | ||
| 100 | _aPowell-Smith, Vincent | ||
| 245 | 2 | _aA Contract Journal contractors` guide to the JCT Intermediate Form of Building Contract 1984 edition (IFC 84) | |
| 260 |
_aSutton, Surrey _bAgriculture and Construction Press _c1984 |
||
| 300 | _a36p. ; 30cm. | ||
| 350 | _a9 | ||
| 650 | _aBUILT ENVIRONMENT-BUILDING CONTRACT FORMS | ||
| 650 | _aJCT INTERMEDIATE FORM OF BUILDING CONTRACT (1984 EDITION) | ||
| 942 | _n0 | ||
| 948 | _c04/03/1997 | ||
| 999 |
_c94905 _d94905 |
||